[Event "Arandjelovac op 2nd"]
[Site "Arandjelovac"]
[Date "2023.08.01"]
[Round "2"]
[White "Fetisenkov, Vadim"]
[Black "Novakovic, Dimitrije A"]
[Result "1-0"]
[WhiteElo "2105"]
[BlackElo "1590"]
[PlyCount "47"]
[EventDate "2023.07.31"]
[EventType "swiss"]
[EventRounds "9"]
[EventCountry "SRB"]
[SourceTitle "CBM 215 Extra"]
[Source "ChessBase"]
[SourceDate "2023.09.30"]
[SourceVersion "1"]
[SourceVersionDate "2023.09.30"]
[SourceQuality "1"]

1. d4 d5 2. Nc3 Nf6 3. Bf4 a6 4. f3 e6 5. e4 dxe4 6. Nxe4 Nd5 7. Bd2 Nc6 8. Ne2 f5 9. Nf2 Be7 10. g3 0-0 11. Bg2 e5 12. c4 Nb6 13. d5 Nd4 14. Nxd4 exd4 15. Qb3 Bd7 16. 0-0 Ba4 17. Qd3 Bf6 18. b3 Bd7 19. Bb4 Re8 20. Rae1 c6 21. Ba5 cxd5 22. c5 Bb5 23. Bxb6 Bxd3 24. Bxd8 1-0

[Event "Moscow RSHSH Cup"]
[Site "Moscow"]
[Date "2018.05.24"]
[Round "6"]
[White "Slavinsky, Petr"]
[Black "Fetisenkov, Vadim"]
[Result "1-0"]
[WhiteElo "2062"]
[BlackElo "2130"]
[PlyCount "51"]
[EventDate "2018.05.19"]
[EventType "tourn"]
[EventRounds "9"]
[EventCountry "RUS"]
[EventCategory "1"]
[SourceTitle "EXT 2019"]
[Source "ChessBase"]
[SourceDate "2018.10.10"]
[SourceVersion "1"]
[SourceVersionDate "2018.10.10"]
[SourceQuality "1"]

1. e4 c6 2. Nc3 d5 3. Nf3 Bg4 4. h3 Bxf3 5. Qxf3 e6 6. d4 Nf6 7. Be2 Bb4 8. e5 Ne4 9. 0-0 Bxc3 10. bxc3 0-0 11. c4 f6 12. Qb3 b6 13. cxd5 cxd5 14. c4 Nc6 15. Qe3 f5 16. Ba3 f4 17. Qd3 Rf7 18. cxd5 exd5 19. Rac1 Ne7 20. Bxe7 Rxe7 21. Rc6 Rf7 22. Bg4 Kh8 23. Rfc1 Qh4 24. Qc2 Ng5 25. Rc8+ Rf8 26. Rxa8 1-0

[Event "Moscow RSHSH Cup"]
[Site "Moscow"]
[Date "2018.05.23"]
[Round "5"]
[White "Thing, Bibek"]
[Black "Fetisenkov, Vadim"]
[Result "1-0"]
[WhiteElo "2210"]
[BlackElo "2130"]
[PlyCount "83"]
[EventDate "2018.05.19"]
[EventType "tourn"]
[EventRounds "9"]
[EventCountry "RUS"]
[EventCategory "1"]
[SourceTitle "EXT 2019"]
[Source "ChessBase"]
[SourceDate "2018.10.10"]
[SourceVersion "1"]
[SourceVersionDate "2018.10.10"]
[SourceQuality "1"]

1. e4 c6 2. d4 d5 3. exd5 cxd5 4. c4 Nf6 5. Nc3 Nc6 6. Nf3 Bg4 7. cxd5 Nxd5 8. Qb3 Bxf3 9. gxf3 e6 10. Qxb7 Nxd4 11. Bb5+ Nxb5 12. Qc6+ Ke7 13. Qxb5 Qd7 14. Nxd5+ Qxd5 15. Bg5+ f6 16. Qxd5 exd5 17. Be3 Ke6 18. 0-0-0 Bb4 19. a3 Rac8+ 20. Kb1 Bc5 21. Rhe1 Bxe3 22. Rxe3+ Kd6 23. Rde1 d4 24. Re6+ Kd5 25. Re7 Rhd8 26. Rxg7 d3 27. Rxa7 d2 28. Ra5+ Kd4 29. Ra4+ Rc4 30. Rd1 Rxa4 31. Rxd2+ Kc5 32. Rxd8 Rf4 33. Rc8+ Kb5 34. Rc7 Rh4 35. Rf7 Rxh2 36. Rxf6 Kc4 37. Ka2 h5 38. Rf4+ Kb5 39. a4+ Kb6 40. Rf6+ Kb7 41. Rh6 h4 42. f4 1-0

[Event "Moscow-ch U18"]
[Site "Moscow"]
[Date "2010.11.25"]
[Round "3"]
[White "Surikov, Roman"]
[Black "Fetisenkov, Vadim"]
[Result "1-0"]
[WhiteElo "2063"]
[BlackElo "2003"]
[PlyCount "131"]
[EventDate "2010.11.21"]
[EventType "swiss"]
[EventRounds "9"]
[EventCountry "RUS"]
[SourceTitle "EXT 2012"]
[Source "ChessBase"]
[SourceDate "2011.11.24"]
[SourceVersion "1"]
[SourceVersionDate "2011.11.24"]
[SourceQuality "1"]

1. e4 c6 2. Nc3 d5 3. Nf3 Bg4 4. h3 Bxf3 5. Qxf3 Nf6 6. d3 e6 7. a3 Nbd7 8. g3 d4 9. Nd1 Be7 10. Bg2 0-0 11. 0-0 a5 12. Qe2 Qc7 13. f4 c5 14. g4 Rfd8 15. g5 Ne8 16. h4 Rac8 17. h5 Nf8 18. f5 c4 19. Bd2 Qd7 20. Qg4 c3 21. bxc3 dxc3 22. Bf4 exf5 23. exf5 Rc5 24. Be3 Rc7 25. h6 Bc5 26. hxg7 Nxg7 27. Bxc5 Rxc5 28. Be4 Ng6 29. Nf2 Nxf5 30. Bxf5 Rxf5 31. Qg3 Qd6 32. Qxd6 Rxg5+ 33. Kh1 Rxd6 34. Ne4 Rh5+ 35. Kg1 Re6 36. Nf6+ Rxf6 37. Rxf6 Kg7 38. Rb6 Rg5+ 39. Kf2 Nh4 40. Rg1 Rxg1 41. Kxg1 Nf3+ 42. Kf2 Nd4 43. Rxb7 Nxc2 44. Rb3 Nd4 45. Rxc3 Kf6 46. Rc4 Ne6 47. d4 Ke7 48. Ke3 Kd6 49. Ra4 Nd8 50. Rxa5 Nc6 51. Rh5 Ne7 52. Rxh7 Nd5+ 53. Kd3 f5 54. Rh6+ Kc7 55. Kc4 Nb6+ 56. Kb5 Nd7 57. d5 f4 58. d6+ Kb7 59. Rh7 Kc8 60. Rf7 Ne5 61. Rxf4 Kd7 62. Rd4 Nc6 63. Rd1 Na7+ 64. Kc5 Nc8 65. Rh1 Ke6 66. Rh7 1-0